Movies Quiz

Random Movies or Biology Quiz

Dinosaurs of Jurassic Park Quiz Stats

 Plays Quiz Updated Jun 22, 2018

Challenge
Share
Tweet
Score 0/15 Timer 04:00
3 Plays Today
% Correct
Velociraptor
89.9%
Tyrannosaurus rex
89.7%
Triceratops
81.6%
Pteranodon
81.4%
Stegosaurus
76.9%
Brachiosaurus
69.8%
Spinosaurus
68.3%
Gallimimus
47.5%
% Correct
Ankylosaurus
46.5%
Compsognathus
42.5%
Dilophosaurus
41.6%
Parasaurolophus
30.6%
Pachycephalosaurus
29.3%
Ceratosaurus
21.5%
Mamenchisaurus
9.3%

You're not logged in!

Compare scores with friends on all Sporcle quizzes.
OR
Log In

You Might Also Like...

Show Comments

Extras

Top Quizzes Today


Score Distribution

Your Account Isn't Verified!

In order to create a playlist on Sporcle, you need to verify the email address you used during registration. Go to your Sporcle Settings to finish the process.

Report this User

Report this user for behavior that violates our Community Guidelines.

Details: